000 00684nam a2200205Ii 4500
003 JO-AjNU
008 230605s9999||||xx |||||||||||||| ||und||
040 _aJO-AjNU
_bara
_erda
_cJO-AjNU
041 _aara
050 1 4 _aDS36.8.A29 1999
100 3 _aالأبيض، أنيس,
_eauthor
_920590
245 0 0 _aبحوث في تاريخ الحضارة العربية الاسلامية
250 _aط1
264 3 1 _aطرابلس: لبنان: جروس برس، 1999
300 _a192ص
336 _atext
_btxt
_2rdacontent
337 _aunmediated
_bn
_2rdamedia
338 _avolume
_bnc
_2rdacarrier
650 4 _aالحضارة العربية الاسلامية-تاريخ
_920591
999 _aA7004
_c10572
_d10572